| Tag |
First Indicator |
Second Indicator |
Subfields |
| LEADER |
00000cam a22000008a 4500 |
| 001 |
in00004459839 |
| 005 |
20191202121421.0 |
| 008 |
840216s1984 nyua b 10100 eng d |
| 010 |
|
|
|a 84003341
|
| 035 |
|
|
|a (OCoLC)10457046
|
| 035 |
|
|
|9 AAB6743MS
|
| 035 |
|
|
|z (UtOrBLW)5992
|
| 035 |
|
|
|a 9226
|
| 039 |
0 |
|
|a 2
|b 3
|c 3
|d 3
|e 2
|
| 040 |
|
|
|a NLM
|c NLM
|d TMV
|d UtOrBLW
|
| 049 |
|
|
|a TMVM
|c 1
|
| 059 |
|
|
|l MS/BOOK STKS
|v 6
|y 9
|z 5
|t BOOK
|k CIRCULATING
|i 3238900017897
|n NL
|a WK 102
|b H81183 1983
|
| 060 |
|
0 |
|a WK 102
|b H81183 1983
|
| 245 |
0 |
0 |
|a Hormone receptors in growth and reproduction /
|c editors, Brij B. Saxena [and others].
|
| 264 |
|
1 |
|a New York :
|b Raven Press,
|c [1984]
|
| 264 |
|
4 |
|c ©1984
|
| 300 |
|
|
|a xvii, 397 pages :
|b illustrations ;
|c 25 cm.
|
| 336 |
|
|
|a text
|2 rdacontent
|b txt
|
| 337 |
|
|
|a unmediated
|2 rdamedia
|
| 338 |
|
|
|a volume
|2 rdacarrier
|b nc
|
| 490 |
1 |
|
|a Serono symposia publications from Raven Press ;
|v v. 9
|
| 500 |
|
|
|a Consists of the proceedings of the international Serono Symposium held in Bombay, India, in 1983.
|
| 504 |
|
|
|a Includes bibliographies and index.
|
| 650 |
|
2 |
|a Gonadotropins
|v Congresses.
|
| 650 |
|
2 |
|a Growth
|v Congresses.
|
| 650 |
|
2 |
|a Receptors, Cell Surface
|v Congresses.
|
| 650 |
|
2 |
|a Reproduction
|v Congresses.
|
| 650 |
|
2 |
|a Growth Hormone
|v Congresses.
|
| 700 |
1 |
|
|a Saxena, Brij B.
|
| 830 |
|
0 |
|a Serono symposia publications from Raven Press ;
|v v. 9.
|
| 948 |
|
|
|a Keep until updated per EC; 2003 evaluation, nb 10/02/03.
|
| 999 |
|
|
|a MARS
|
| 999 |
f |
f |
|s bf92e77b-3aa1-312e-8edd-9dfce55bd4ea
|i a9e97e46-c704-3bea-b383-85cbf11ca18e
|t 0
|
| 952 |
f |
f |
|p ric
|a Texas A&M University
|b Rellis Campus
|c Joint Library Facility
|d Remote Storage
|t 0
|e WK 102 H81183 1983
|h National Library of Medicine classification
|i unmediated -- volume
|m 3238900017897
|
| 998 |
f |
f |
|a WK 102 H81183 1983
|t 0
|l Remote Storage
|